Cristo, pan de vida : teología eucarística del IV Evangelio / por José Caba, S.I.

Gardado en:
Detalles Bibliográficos
Autor Principal: Caba, José (autor)
Formato: Libro
Series:BAC ; 531
Temas:
Etiquetas: Engadir etiqueta
Sen Etiquetas, Sexa o primeiro en etiquetar este rexistro!

MARC

LEADER 00000nam^a2200000^u^4500
001 000550380
005 20250521000000.0
008 060220s1000^^^^^^^^^^^^r^^^^^000^0^spa^d
009 20260310131533.354
022 |a 8479140887 
035 |a FMI 000020159 
037 |a Acervo Xavier Clavigero 
096 |a 2.1/531/B 
100 |a Caba, José  |e (autor) 
245 1 0 |a Cristo, pan de vida : teología eucarística del IV Evangelio / por José Caba, S.I. 
264 |a Madrid : Biblioteca de Autores Cristianos, 1993 
300 |a 671 p. 
336 |a texto  |b txt  |2 rdacontenido 
337 |a sin mediación  |b n  |2 rdamedio 
338 |a volumen  |b nc  |2 rdasoporte 
440 0 |a BAC ; 531 
597 |a "Estudio exegético de Jn 6" 
649 |a XX 
650 |a Comentarios Bíblicos 
910 |a Fondo Francisco Migoya Covarrubias S.J. 
920 |a Impresos - Libros 
930 |a Fondos Especiales 
905 |a 134 
901 |a SBC16642  |b IT2  |c ESP  |u 20250521 
902 |a https://opac.biblio.iteso.mx/vufind/Record/000550380